000 00465nam a2200133 a 4500
008 120416s9999 ||||||||||||||||| || u
050 _aND 955.F5 Kan
100 _aKanerva, Aimo
245 1 0 _aAimo Kanerva
246 _ain search of the image of the finnish landscape
260 _a(1978)
350 _a0.00
995 _D0.00
_FCBU-MAIN LIBRARY (Kitwe)
_H1
_I0.00
_UAVAILABLE
_ZAnnex Low-Usage Collection
999 _c34015
_d34015